Entry Nombre personal
001 - NÚMERO DE CONTROL
- campo de control: 159080
003 - IDENTIFICADOR DE NÚMERO DE CONTROL
- campo de control: SpMaBN
005 - FECHA Y HORA DE LA ÚLTIMA TRANSACCIÓN
- campo de control: 20240513211517.0
008 - ELEMENTOS DE DATO DE LONGITUD-FIJA
- campo de control de longitud fija: 090527n|#azznnaabn a aaa ##
024 8# - IDENTIFICADOR DE OTROS ESTÁNDARES
- Número estándar o código: https://www.museodelprado.es/coleccion/artista/wd/0b486b98-1a1 6-415d-80b6-610f134e6950
024 7# - IDENTIFICADOR DE OTROS ESTÁNDARES
- Número estándar o código: http://viaf.org/viaf/169703719/
- Fuente: viaf
024 7# - IDENTIFICADOR DE OTROS ESTÁNDARES
- Número estándar o código: https://isni.org/isni/0000000118547686
- Fuente: isni
024 7# - IDENTIFICADOR DE OTROS ESTÁNDARES
- Número estándar o código: http://www.wikidata.org/entity/Q71992
- Fuente: wikidata
024 8# - IDENTIFICADOR DE OTROS ESTÁNDARES
- Número estándar o código: https://data.cervantesvirtual.com/person/70044
024 8# - IDENTIFICADOR DE OTROS ESTÁNDARES
- Número estándar o código: https://data.cervantesvirtual.com/person/57284
040 ## - FUENTE DE CATALOGACIÓN
- Centro catalogador/agencia de origen: SpMaBN
- Lengua de catalogación: spa
- Centro/agencia transcriptor: SpMaBN
- Normas de descripción: rdc
- Convención/Normas de encabezamiento de materia/tesauro: embne
100 1# - ENCABEZAMIENTO-NOMBRE DE PERSONA
- Nombre de persona: Pérez Villaamil, Jenaro,
- Fechas asociadas al nombre: 1807-1854
370 ## - LUGAR ASOCIADO
- Lugar de nacimiento: España, Galicia, La Coruña (Provincia), Ferrol
370 ## - LUGAR ASOCIADO
- Lugar de fallecimiento: España, Madrid (Comunidad Autónoma), Madrid
372 ## - CAMPO DE ACTIVIDAD
- Campo de actividad: Dibujos de paisaje
- Fuente del término: tgfbne
373 ## - GRUPO ASOCIADO
- Grupo asociado: Romanticismo (Arte)
374 ## - OCUPACIÓN
- Ocupación: Pintores
- Ocupación: Artistas
375 ## - GÉNERO/SEXO
- Género: Masculino
400 1# - TRAZADO DE VÉASE--NOMBRE DE PERSONA
- Nombre de persona: Pérez Villaamil, Genaro,
- Fechas asociadas al nombre: 1807-1854
400 1# - TRAZADO DE VÉASE--NOMBRE DE PERSONA
- Nombre de persona: Pérez Villamil, Genaro,
- Fechas asociadas al nombre: 1807-1854
400 1# - TRAZADO DE VÉASE--NOMBRE DE PERSONA
- Nombre de persona: Pérez Villamil, Jenaro
- Fechas asociadas al nombre: 1807-1854
400 1# - TRAZADO DE VÉASE--NOMBRE DE PERSONA
- Nombre de persona: Pérez de Villa-Amil, Genaro
- Fechas asociadas al nombre: 1807-1854
400 1# - TRAZADO DE VÉASE--NOMBRE DE PERSONA
- Nombre de persona: Pérez Villamil y Duguet, Jenaro
- Fechas asociadas al nombre: 1807-1854
670 ## - FUENTE DE DATOS ENCONTRADOS
- Cita de la fuente: Enciclopedia del Museo del Prado, 2006
- Información encontrada: t. V, p. 1721(Pérez Villaamil y Duguet, Jenaro, n. Ferrol 1807, m. Madrid 1854; máximo representante del paisajismo romántico español)
670 ## - FUENTE DE DATOS ENCONTRADOS
- Cita de la fuente: Dibujos de Jenaro Pérez Villaamil, 1998
- Información encontrada: p. 47(Jenaro Pérez Villamil 1807-1854, pintor paisajista romántico)
670 ## - FUENTE DE DATOS ENCONTRADOS
- Cita de la fuente: Arias Anglés. El paisajista romántico Jenaro Pérez Villaamil, 1986
- Información encontrada: p. 13 y ss.(Jenaro Pérez Villaamil; n. Ferrol, 3 febrero 1807; m. 5 junio 1854)
670 ## - FUENTE DE DATOS ENCONTRADOS
- Cita de la fuente: Ossorio, 1868
- Información encontrada: (Pérez Villamil, Genaro; n. Ferrol, 3-2-1807; m. 5-6-1854; notable pintor)
670 ## - FUENTE DE DATOS ENCONTRADOS
- Cita de la fuente: Catálogo de la colección de dibujos originales de la BN, 1906
- Información encontrada: p. 440 (Pérez Villamil, Jenaro)
856 4# - LOCALIZACIÓN Y ACCESO ELECTRÓNICOS
- Nombre del host: https://www.museodelprado.es/aprende/enciclopedia/voz/perez-vi llaamil-y-duguet-genaro/630f8e4b-2e3e-49a0-b54b-fa79a8948b6f
- Texto de enlace: Museo del Prado
